00431nam a22001457a 450000500170000000800410001702000140005804100130007208200160008510000330010124500480013426000470018230000310022965000250026020231107064945.0231107b |||||||| |||| 00| 0 eng d a070211779 aEnglish  a346.47 VAN  aVan der Merwe, DP lEnglish  aComputers and The Law / cDP Van der Merwe  aCape Town : bJuta and Company Ltd, c1986 bxvi, 138 pages ; c23 cm.  aLegal practice bLaw